Una fiesta muy especial / (Record no. 192537)
[ view plain ]
| 000 -CABECERA | |
|---|---|
| campo de control de longitud fija | 00676nam a2200217 u 4500 |
| 005 - FECHA Y HORA DE LA ÚLTIMA TRANSACCIÓN | |
| campo de control | 20240314063653.0 |
| 008 - ELEMENTOS DE LONGITUD FIJA--INFORMACIÓN GENERAL | |
| campo de control de longitud fija | 170912s2007 ea r 000 0 spa d |
| 020 ## - NÚMERO INTERNACIONAL NORMALIZADO PARA LIBROS | |
| Número Internacional Estándar del Libro | 1404268294 |
| 035 ## - NÚMERO DE CONTROL DEL SISTEMA | |
| Número de control de sistema | UPN01000220438 |
| 049 ## - COLECCIÓN | |
| Colección | I |
| 050 #4 - SIGNATURA TOPOGRÁFICA DE LA BIBLIOTECA DEL CONGRESO | |
| Número de clasificación | PZ8.7 |
| Número de documento/Ítem | R6.3 |
| 100 1# - ASIENTO PRINCIPAL--NOMBRE PERSONAL | |
| Nombre de persona | Roza, Greg, |
| Fechas asociadas al nombre | 1971- |
| 9 (RLIN) | 33672 |
| 245 14 - MENCIÓN DE TÍTULO | |
| Título | Una fiesta muy especial / |
| Resto del título | Greg Roza ; tr. María Cristina Brusca. |
| 260 ## - PUBLICACIÓN, DISTRIBUCIÓN, ETC. | |
| Lugar de publicación, distribución, etc. | New York. : |
| Nombre del editor, distribuidor, etc. | Rosen Classroom Books & Materials, |
| Fecha de publicación, distribución, etc. | 2007. |
| 300 ## - DESCRIPCIÓN FÍSICA | |
| Extensión | 8 p. : |
| Otras características físicas | il. col. |
| 440 #0 - MENCIÓN DE SERIE/ASIENTO SECUNDARIO--TÍTULO | |
| Título | Lecturas del barrio. |
| Nombre de parte o sección de la obra | Perspectiva |
| 650 #4 - ASIENTO SECUNDARIO DE MATERIA - TERMINO TEMATICO | |
| Término de materia o nombre geográfico como elemento de entrada | Cuentos infantiles estadounidenses |
| 9 (RLIN) | 10762 |
| 650 #4 - ASIENTO SECUNDARIO DE MATERIA - TERMINO TEMATICO | |
| Término de materia o nombre geográfico como elemento de entrada | CUENTOS HUMORISTICOS |
| 9 (RLIN) | 11283 |
| 905 ## - TIPO DE MATERIAL | |
| Tipo de material | Infantil |
| Estado de retiro | Estado de pérdida | Fuente del sistema de clasificación o colocación | Estado dañado | No para préstamo | Código de colección | Localización permanente | Ubicación/localización actual | Ubicación en estantería | Fecha de adquisición | Clasificación | Código de barras | Fecha visto por última vez | Número de copia | Tipo de ítem Koha |
|---|---|---|---|---|---|---|---|---|---|---|---|---|---|---|
| Library of Congress Classification | Infantil | Bib. Gregorio Torres Quintero | Bib. Gregorio Torres Quintero | Sala infantil Planta baja | 10/05/2023 | PZ8.7 R6.3 | 320355 | 31/12/2020 | 1 | Libro |
